Fr. Conceicao Rodrigues College of Engineering

Communication Skill (Record no. 30214)

MARC details
000 -LEADER
fixed length control field 00304nam a2200133Ia 4500
082 ## - DEWEY DECIMAL CLASSIFICATION NUMBER
Classification number 372.6/GHA
Item number GHA
100 ## - MAIN ENTRY--PERSONAL NAME
Personal name Ghadyalji/Vaishali K
245 ## - TITLE STATEMENT
Title Communication Skill
260 ## - PUBLICATION, DISTRIBUTION, ETC.
Name of publisher, distributor, etc. Nandu Book House
Place of publication, distribution, etc. Mumbai
Date of publication, distribution, etc. 2009
546 ## - LANGUAGE NOTE
Language note ENGLISH
650 ## - SUBJECT ADDED ENTRY--TOPICAL TERM
Topical term or geographic name entry element Communication Skill
942 ## - ADDED ENTRY ELEMENTS (KOHA)
Koha item type BOOK
Holdings
Withdrawn status Lost status Damaged status Not for loan Collection Home library Current library Date acquired Total Checkouts Full call number Barcode Date last seen Price effective from Koha item type
        CRC Fr. Agnel's C.Rodrigues College of Engineering Fr. Agnel's C.Rodrigues College of Engineering 17/03/2023   372.6/GHA GHA 19300 17/03/2023   BOOK